000 00421nam a2200181Ia 4500
001 18793
005 20260306171656.0
008 260306s9999||||xx |||||||||||||| ||und||
041 _aESP
082 _a658.5
_bH36T
100 _aHeizer, Jay
_eAUT
245 0 _aDirección de la producción:
_bdecisiones tácticas
260 _c2001
300 _a
_c
650 _aGEN
654 _aCAN
942 _cLIB
_dJUS
_fJUS
_2ddc
_n
999 _c18793
_d18793